000 02001cam a22004574a 4500
001 14335433
003 ARRUPE
005 20221130093252.0
008 060410m20079999miuab b 001 0deng
010 _a 2006012295
_z 2006012296
020 _a1414402260 (6v. set)
020 _a1414402279 (Almanac : set : alk. paper)
020 _a1414402287 (Almanac : vol. 1 : alk. paper)
020 _a1414402295 (Almanac : vol. 2 alk. paper)
020 _a1414402309 (Biographies : set : alk. paper)
020 _a1414402317 (Biographies : vol. 1 alk. paper)
020 _a1414402325 (Biographies : vol. 2 : alk. paper)
020 _a1414402333 (Primary Sources : alk. paper)
020 _a1414402341 (Cumulative Index : softcover : alk. paper)
028 _bArrupe
035 _a(OCoLC)ocm67240464
040 _aDLC
_cDLC
_dDLC
042 _apcc
050 0 0 _aBL74
_b.J66 2007
082 0 0 _a200
_222
100 1 _aO'Neal, Michael,
_d1949-
_952147
245 1 0 _aWorld religions /
_cMichael J. O'Neal and J. Sydney Jones ; Neil Schlager and Jayne Weisblatt, editors.
260 _aDetroit :
_bUXL/Thomson Gale,
_cc2007-
300 _a<v. <1-4 ; in 6 > :
_bill., maps ;
_c25 cm.
490 1 _aU.X.L world religions reference library
500 _aIncludes bibliographical references and indexes.
505 1 _a[1] Almanac, pts. 1-2 -- [2] Biographies, pts. 1-2 -- [3] Primary sources -- [4] Cumulative index.
650 0 _aReligions.
700 1 _aJones, J. Sydney.
_952148
700 1 _aSchlager, Neil,
_d1966-
_952149
700 1 _aWeisblatt, Jayne.
_952150
830 0 _aWorld religions reference library.
_952151
906 _a7
_bcbc
_corignew
_d1
_eecip
_f20
_gy-gencatlg
942 _2lcc
_cREFERENCE
999 _c131614
_d131614